000 00648nam a22002297a 4500
003 dpl
005 20180619161257.0
008 180619b xxu||||| |||| 00| 0 eng d
010 _aB-026412
020 _a8125907785
_c0.00
035 _aB-026412
037 _bBPPD/PUB
040 _adpl
_bEnglish
_c0
082 _a615.45
100 _aBhatia, R C
245 _aAuditing
_cby R C Bhatia
260 _aNew Delhi
_bVikas publishing house (P) Ltd
270 _a576, Masjid road,Jangpura,
_bNew Delhi
_e110014
300 _axv. 508 p.
_c23 cm (Hb)
650 _aAuditing
942 _adpl
_cEN
_k615.45 / BHA
_2ddc
_h615.45
_mBHA
999 _c152846
_d152846